000 00571cam a2200205 4500500
005 20260405001817.0
041 _afre
042 _adc
100 1 0 _aOrtoli, Sven
_eauthor
245 0 0 _aRésonances / septembre 2014
260 _c2014.
500 _a36
690 _aÉcole
690 _aGenre
690 _aMatriarcat
690 _aNotation
690 _aNote
786 0 _nPhilosophie magazine | 82 | 9 | 2014-09-01 | p. 12-12 | 1951-1787
856 4 1 _uhttps://shs.cairn.info/magazine-philosophie-magazine-2014-9-page-12?lang=fr&redirect-ssocas=7080
999 _c2051308
_d2051308